Chemical engineering data book (Record no. 36437)

000 -LEADER
fixed length control field 00504nam a22001931 4500
001 - CONTROL NUMBER
control field 36437
003 - CONTROL NUMBER IDENTIFIER
control field BD-DhUET
008 - FIXED-LENGTH DATA ELEMENTS--GENERAL INFORMATION
fixed length control field 871013s1958 enka 000 0 eng u
040 ## - CATALOGING SOURCE
Original cataloging agency DLC
Transcribing agency DLC
Modifying agency BD-DhUET
082 ## - DEWEY DECIMAL CLASSIFICATION NUMBER
Classification number 660.28
Item number ROS/1962
100 ## - MAIN ENTRY--PERSONAL NAME
Personal name Ross, T. K.
245 00 - TITLE STATEMENT
Title Chemical engineering data book
250 ## - EDITION STATEMENT
Edition statement 1st ed.
260 ## - PUBLICATION, DISTRIBUTION, ETC. (IMPRINT)
Place of publication, distribution, etc. London
Name of publisher, distributor, etc. Leonard Hill
Date of publication, distribution, etc. 1962
300 ## - PHYSICAL DESCRIPTION
Extent x,998p.
Other physical details ill.
Dimensions 22 cm.
650 #0 - SUBJECT ADDED ENTRY--TOPICAL TERM
Topical term or geographic name as entry element Chemical engineering-Data processing
700 1# - ADDED ENTRY--PERSONAL NAME
Personal name Freshwater, D. C.
942 ## - ADDED ENTRY ELEMENTS (KOHA)
Koha item type General Book
Holdings
Not for loan Koha date last seen Lost status Koha item type Price effective from Location (home branch) Koha normalized classification for sorting Sublocation or collection (holding branch) Damaged status Shelving location Piece designation (barcode) Koha full call number Withdrawn status Date acquired Copy number Source of classification or shelving scheme
 2016-01-07 General Book2016-01-07Central Library, BUET660_280000000000000_ROS_1962Central Library, BUET Reference section22468660.28/ROS/1962 2016-01-071 
 2016-01-07 General Book2016-01-07Central Library, BUET660_280000000000000_ROS_1962Central Library, BUET Reference section22469660.28/ROS/1962 2016-01-072 
 2016-01-07 General Book2016-01-07Central Library, BUET660_280000000000000_ROS_1962Central Library, BUET Reference section22474660.28/ROS/1962 2016-01-073 
 2016-01-07 General Book2016-01-07Central Library, BUET660_280000000000000_ROS_1962Central Library, BUET Reference section22473660.28/ROS/1962 2016-01-074 
 2016-01-07 General Book2016-01-07Central Library, BUET660_280000000000000_ROS_1962Central Library, BUET Reference section22470660.28/ROS/1962 2016-01-075 
 2016-01-07 General Book2016-01-07Central Library, BUET660_280000000000000_ROS_1962Central Library, BUET Reference section22471660.28/ROS/1962 2016-01-076 
 2016-01-07 General Book2016-01-07Central Library, BUET660_280000000000000_ROS_1962Central Library, BUET Reference section22475660.28/ROS/1962 2016-01-077 
 2016-01-07 General Book2016-01-07Central Library, BUET660_280000000000000_ROS_1962Central Library, BUET Reference section12046660.28/ROS/1962 2016-01-078